000 01625nam a2200433 i 4500
001 36944
003 FlNmELB
005 20241216221447.0
006 m o d |
007 cr cnu||||||||
008 140228s2013 sp o 001 0 cat d
020 _z9788415656685
020 _a9788415836858 (e-book)
035 _a(MiAaPQ)EBC3217144
035 _a(Au-PeEL)EBL3217144
035 _a(CaPaEBR)ebr10820656
035 _a(OCoLC)1105912265
040 _aFINmELB
_bspa
_erda
_cFINmELB
050 4 _aQM23.2
_bA535 2013
080 _a611/612
082 0 _a611
_223
245 0 0 _aAnatomofisiologia i patologia ba siques /
_cRegina Cardel{acute}us [y otros 4].
264 1 _aMadrid :
_bMacmillan Iberia, S.A.,
_c2013.
300 _a1 recurso en l{acute}inea
336 _atexto
_btxt
_2rdacontent/spa
337 _acomputadora
_bc
_2rdamedia/spa
338 _arecurso en l{acute}inea
_bcr
_2rdacarrier/spa
500 _aContiene {acute}indice.
588 _aDescripci{acute}on basada en recurso en l{acute}inea; T{acute}itulo de la p{acute}agina del t{acute}itulo en PDF (e-libro, visto February 28, 2014).
590 _aRecurso electr{acute}onico. Santa Fe, Arg.: e-libro, 2015. Disponible v{acute}ia World Wide Web. El acceso puede estar limitado para las bibliotecas afiliadas a e-libro.
650 0 _aHuman anatomy.
650 0 _aHuman fisiology.
650 4 _aAnatom{acute}ia.
650 4 _aFisiolog{acute}ia.
655 4 _aLibros electr{acute}onicos.
700 1 _aCardel{acute}us, Regina.
797 2 _ae-libro, Corp.
856 4 0 _uhttps://elibro.net/ereader/politecnicointernacional/42975
999 _c36944
_d36944